| 000 | 01882nam0a2200361 4500 | ||
|---|---|---|---|
| 001 | RU\NLR\bibl\1511797 | ||
| 005 | 20260405201200.0 | ||
| 010 |
_a978-5-238-01830-0 _91000 |
||
| 021 |
_aRU _b2010-25602 _91724 |
||
| 035 | _a(nilc)RSL-KNO-004628146 | ||
| 035 | _a(LIBNET)DITM\BIBL\0000002102 | ||
| 035 | _a(NLR Aleph) 001503192 | ||
| 090 |
_a1799383 _c1799383 |
||
| 100 | _a20100119d2010 |||y0rusy50 ca | ||
| 101 | 0 | _arus | |
| 102 | _aRU | ||
| 105 | _aa zzzz||||| | ||
| 200 | 1 |
_aПолитическая реклама _eтеория и практика _eучебное пособие для студентов вузов, обучающихся по специальностям 032401 "Реклама", 030602 "Связи с общественностью" _fП. А. Кузнецов |
|
| 210 |
_aМосква _cЮНИТИ _cЮНИТИ-ДАНА _d2010 |
||
| 215 |
_a126 с. _cил., факс. _d21 |
||
| 320 | _aБиблиогр.: с. 124-126 и в подстроч. прим. | ||
| 606 | 1 |
_aРеклама политическая _jУчебные издания для высших учебных заведений _91714641 _3RU\NLR\auth\661061994 |
|
| 610 | 0 | _aСоциология -- Социальные институты -- Экономические институты -- Социология обслуживания, торговли и рекламы -- Учебник для высшей школы | |
| 686 |
_aС555.425я73-1 _2rubbk |
||
| 686 | _aФ011.6я73 | ||
| 700 | 1 |
_4070 _8rus _7ca _aКузнецов _bП. А. _cканд. ист. наук, специалист в обл. рекламы _gПавел Александрович _3RU\NLR\auth\7788744 _971672 |
|
| 801 | 0 |
_aRU _bРГБ _c20100119 _grcr |
|
| 801 | 1 |
_aRU _bРГБ _c20100119 |
|
| 801 | 2 |
_aRU _bNLR _c20100517 _grcr |
|
| 830 | _aавт. по кн. | ||
| 942 | _cBOOK | ||
| 980 | _aNB | ||